| 000 | 00867nam a2200229Ia 4500 | ||
|---|---|---|---|
| 003 | GCL | ||
| 008 | 140319s9999 xx 000 0 ara d | ||
| 040 |
_aGCL / _cGCL |
||
| 082 | 0 | 4 |
_a922.1 _bا ا |
| 100 | 1 | _aعلى بن محمد بن عبدالكريم الشي | |
| 245 | 1 | 0 |
_aاسد الغابة فى معرفة الصحابة / _cعلى بن محمد بن عبدالكريم الشي |
| 700 | 1 | _aابن الاثير المؤرخ : عزالدين ايو الحسن على بن محمد بن عبدالكريم الشيبانى الجزرى | |
| 260 |
_a[S.N] : _bكتاب الشعبى ، _c1970 |
||
| 300 | _a488 ص | ||
| 490 | _a | ||
| 650 | 0 | 4 | _aالاسلام |
| 650 | 0 | 4 | _aالتاريخ الاسلامى |
| 650 | 0 | 4 | _aالتراجم |
| 650 | 0 | 4 | _aالحضارة الاسلامية |
| 650 | 0 | 4 | _aالصحابة والتابعون |
| 942 |
_2ddc _cBK |
||
| 999 |
_c34724 _d34724 |
||